banner-ar

اعترافات عبدالرحمن الشرقاوى / (Record no. 50128)

MARC details
000 -الفاتح
حقل البيانات ثابتة الطول 00646nam a2200205Ia 4500
008 - عناصر البيانات ثابتة الطول - معلومات عامة
حقل البيانات ثابتة الطول 140319s9999 xx 000 0 ara d
020 ## - الرقم الدولى المعيارى للكتب
الرقم الدولى المعيارى للكتاب 3647235977
040 ## - مصدر الفهرسة
وكالة الفهرسة الأصلية GCL /
وكالة النسخ GCL
082 04 - رقم تصنيف ديوى العشرى
رقم التصنيف 818.03
رقم المادة م ا
100 1# - المدخل الرئيسى - إسم شخصى
الإسم الشخصى مصطفى عبدالغنى
245 10 - بيان العنوان
العنوان اعترافات عبدالرحمن الشرقاوى /
بيان المسئوليه,etc مصطفى عبدالغنى
260 ## - PUBLICATION, DISTRIBUTION, ETC. (IMPRINT)
تاريخ النشر أو التوزيع 1996
300 ## - الوصف المادى
التعداد 143 ص ؛
أبعاد الوعاء 22 سم
650 04 - المدخل الاضافى بالموضوع-مصطلح موضوعى
مصطلح موضوعي الادب العربى
650 04 - المدخل الاضافى بالموضوع-مصطلح موضوعى
مصطلح موضوعي الادب
650 04 - المدخل الاضافى بالموضوع-مصطلح موضوعى
مصطلح موضوعي المذكرات
650 04 - المدخل الاضافى بالموضوع-مصطلح موضوعى
مصطلح موضوعي التراجم الذاتية
942 ## - عناصر المدخل الإضافي( كوها)
مصدر التصنيف او مخطط الترفيف Dewey Decimal Classification
Koha [default] item type كتاب
260 ## - PUBLICATION, DISTRIBUTION, ETC. (IMPRINT)
-- القاهرة :
-- المجلس الاعلى للثقافة ،
Holdings
حالة التراجع حالة الفقد حالة تلف ليس للاعارة المكان المؤقت الموقع الحالى تاريخ الاكتساب اجمالي اﻻعارات رقم الطلب الباركود تاريخ اخر مشاهدة تاريخ تفعيل السعر نوع وعاء كوها
        مكتبة القاهرة الكبرى مكتبة القاهرة الكبرى 03/26/2014   818.03\م ا 120194 03/26/2014 03/26/2014 كتاب
        مكتبة القاهرة الكبرى مكتبة القاهرة الكبرى 03/26/2014   818.03\م ا 120195 03/26/2014 03/26/2014 كتاب
        مكتبة القاهرة الكبرى مكتبة القاهرة الكبرى 03/26/2014   818.03\م ا 120196 03/26/2014 03/26/2014 كتاب
        مكتبة القاهرة الكبرى مكتبة القاهرة الكبرى 03/26/2014   818.03\م ا 120197 03/26/2014 03/26/2014 كتاب
        مكتبة القاهرة الكبرى مكتبة القاهرة الكبرى 03/26/2014   818.03\م ا 120198 03/26/2014 03/26/2014 كتاب

Powered By

EGPV